000 00350nam a2200145Ia 4500
008 150201s2006 xx 000 0 und d
082 _a612.015
_bC2006P
100 _aPATTABIRAMAN,T.N
245 _aCONCISE TEXT BOOK OF BIOCHEMISTRY
250 _a3RD
260 _bAIPD
_aDELHI
_c2006
300 _a1-182
650 _aBIOCHEMISTRY
942 _2ddc
_cBK
999 _c3584
_d3584